| 000 | 00439nam a2200109Ia 4500 | ||
|---|---|---|---|
| 008 | 160712s9999 xx 000 0 und d | ||
| 100 | _aAveling, Harry. | ||
| 245 |
_cHarry Aveling _aOutca ste by Choice: Re-Genderings in a Short Story by Oka Rusmini |
||
| 260 |
_c2015 _bJournal of English Studies and Comparative Literature |
||
| 650 | _xLITERATURE | ||
| 856 | _uhttp://journals.upd.edu.ph/index.php/jescl/issue/view/Special%20Edition/showToc | ||
| 999 |
_c297067 _d297067 |
||